[Event "Guernsey Holiday op"]
[Site "Guernsey"]
[Date "2012.10.25"]
[Round "5"]
[White "Perrin, Jonathan"]
[Black "Pemberton, Clive H"]
[Result "1-0"]
[WhiteElo "1736"]
[BlackElo "1704"]
[PlyCount "53"]
[EventDate "2012.10.21"]
[EventType "swiss"]
[EventRounds "7"]
[EventCountry "GCI"]
[SourceTitle "EXT 2015"]
[Source "ChessBase"]
[SourceDate "2014.11.20"]
[SourceVersion "1"]
[SourceVersionDate "2014.11.20"]
[SourceQuality "1"]

1. e4 c5 2. Nc3 Nc6 3. f4 d6 4. Nf3 e6 5. Bb5 Qc7 6. 0-0 a6 7. Bxc6+ Qxc6 8. Ng5 f6 9. Nf3 d5 10. exd5 exd5 11. Re1+ Be7 12. d4 Bg4 13. dxc5 0-0-0 14. b4 Bxc5+ 15. bxc5 Qxc5+ 16. Qd4 Qxd4+ 17. Nxd4 Nh6 18. h3 Bh5 19. g4 Be8 20. f5 Nf7 21. Ne6 Rd7 22. Na4 Rd6 23. Nac5 g5 24. Bb2 h5 25. Bxf6 Rh6 26. Bxg5 Nxg5 27. Nxg5 1-0

[Event "Guernsey Holiday op"]
[Site "Guernsey"]
[Date "2012.10.24"]
[Round "4"]
[White "Foster, Paul"]
[Black "Perrin, Jonathan"]
[Result "1/2-1/2"]
[WhiteElo "1688"]
[BlackElo "1736"]
[PlyCount "52"]
[EventDate "2012.10.21"]
[EventType "swiss"]
[EventRounds "7"]
[EventCountry "GCI"]
[SourceTitle "EXT 2015"]
[Source "ChessBase"]
[SourceDate "2014.11.20"]
[SourceVersion "1"]
[SourceVersionDate "2014.11.20"]
[SourceQuality "1"]

1. e4 d6 2. Bc4 Nf6 3. Nc3 e5 4. d3 Be7 5. Nge2 c6 6. a3 d5 7. exd5 cxd5 8. Ba2 0-0 9. 0-0 Be6 10. b4 a5 11. b5 Qb6 12. d4 e4 13. Bf4 Bxa3 14. Bxd5 Bb2 15. Bxe6 Bxa1 16. Bxf7+ Rxf7 17. Qxa1 Nbd7 18. Qa2 Raf8 19. Qc4 Qd8 20. Qa2 b6 21. Bd6 Re8 22. Nf4 Nf8 23. Be5 g5 24. Nfd5 Nxd5 25. Nxd5 Re6 26. Re1 Ng6 1/2-1/2